000 00320 a2200109 4500
001 ART_30535
005 20260410162002.0
008 260409a
245 1 0 _aEl principio de igualdad marginal
100 1 _aCasuccio, Mario César
773 0 _tForo económico
_g- Año II, Nº 2 (mar. 1996)
_wREV30369
999 _c31406
_d31406